| 000 | 01067cmc a2200325ua 4500 | ||
|---|---|---|---|
| 003 | CHAP | ||
| 005 | 20220329142658.0 | ||
| 007 | ajrceuzn | ||
| 008 | 021001d1999 mx f o 10uspa d | ||
| 010 | _a86417 | ||
| 011 | _a87389 | ||
| 035 | _a97932 | ||
| 040 | _cCHAP | ||
| 090 | _aCD-118 | ||
| 245 | 0 | 0 |
_aAguascalientes hoja tipoF13D19 productos geográficos básicos digitales (disco compacto) _c/por Instituto Nacional de Estadística, Geografía e Informática |
| 260 |
_aAguascalientes, Ags.; _bINEGI, _c1999. |
||
| 300 |
_a1 disco compacto _c5 1/4 plgs. |
||
| 590 |
_aBATCH-UPD _b10 _c20130110 _lUCH01 _h1124 |
||
| 590 |
_aBATCH-UPD _b10 _c20130410 _lUCH01 _h0714 |
||
| 590 |
_aBATCH-UPD _b10 _c20130914 _lUCH01 _h0854 |
||
| 590 |
_aCONVERSION _b10 _c20130109 _lUCH01 _h1348 |
||
| 650 | 1 | 4 |
_aAguascalientes _xGeografia. _92601 |
| 650 | 1 | 4 |
_aAguascalientes _xMapas. _92604 |
| 650 | 1 | 4 |
_aCartografía. _919644 |
| 650 | 1 | 4 |
_aMapas. _971128 |
| 901 | _aCF | ||
| 905 | _aMayto Villalobos S. | ||
| 942 | _cCD | ||
| 949 |
_aCD-118 _bBC _cCD _d33724000878757 _eCD _i97932 _sb |
||
| 999 |
_c86417 _d86417 |
||